Top 10 World Best Selling Car Brands - Statistics

General Stats
  • This quiz has been taken 73 times
  • The average score is 7 of 10
Answer Stats
Registered Units Brand % Correct
6,746,204 Volkswagen
90%
5,329,290 Ford
88%
8,091,277 Toyota
88%
4,966,037 Honda
82%
4,076,913 Hyundai
73%
2,551,806 Mercedes-Benz
73%
2,638,782 Kia
72%
3,881,747 Chevrolet
61%
4,750,863 Nissan
57%
3,046,585 Suzuki
34%
No matching quizzes found
Score Distribution
Percent of People with Each Score
Percentile by Number Answered
Your Score History
You have not taken this quiz